000
00311nam a2200133Ia 4500
005
20251222152618.0
008
251222s9999||||xx |||||||||||||| ||spa||
020
_a
8479690623
082
_a
863.3/D35
100
_a
De Cervantes, Miguel
245
0
_a
Don Quijote de la Mancha
264
_b
El Sol
942
_c
LIB
999
_c
27244
_d
27244